| 000 | 00592nam a2200145 i 4500 | ||
|---|---|---|---|
| 001 | 182233 | ||
| 003 | ES-MaACL | ||
| 005 | 20230906221548.0 | ||
| 008 | 130723s1877 sp |||| | spa d | ||
| 110 | 2 |
_aFomento de la Producción Española. _94135 |
|
| 245 | 1 | 0 | _aMemoria presentada por la Junta Directiva del Fomento de la Producción Española, a la aprobación de la Junta General Ordinaria celebrada el dia 25 de Febrero de 1877. |
| 260 |
_aBarcelona : _b[s.n.], _c1877 ( _fEstablecimiento Tipográfico de Leopoldo Domenech) |
||
| 300 |
_a15 p. ; _c23 cm. |
||
| 852 |
_aES-MaACL _jT-250-F-2 |
||
| 999 |
_c182233 _d182233 |
||